[Event "Summer Season Tournament"]
[Site "SchemingMind.com"]
[Date "2022.07.28"]
[Round "-"]
[White "Mitch The Man"]
[Black "ray winteringham"]
[Result "0-1"]
[WhiteCountry "USA"]
[BlackCountry "ENG"]
[WhiteElo "1316"]
[WhiteRD "62"]
[BlackElo "1473"]
[BlackRD "50"]
[GameID "725568"]

1. d4 d5 2. c3 h6 3. e3 Nf6 4. Be2 Bf5 5. Bf3 e6 6. Ne2 Bd6 7. Nd2 Nbd7 8. O-O Qb8 9. Nb3 c6 10. Ng3 Bg6
11. Bd2 Qc7 12. Qe2 O-O 13. Rac1 Qd8 14. Rfe1 b6 15. Nf1 Qc7 16. g3 e5 17. Bg2 e4 18. Bh3 Nh7 19. a3 f5 20. Bg2 Ndf6
21. Qd1 Qd7 22. Bh3 Bh5 23. Qc2 Ng5 24. Bg2 Bf3 25. Bh3 Nxh3#
0-1

[Event "Summer Season Tournament"]
[Site "SchemingMind.com"]
[Date "2022.07.28"]
[Round "-"]
[White "ray winteringham"]
[Black "Mitch The Man"]
[Result "1-0"]
[WhiteCountry "ENG"]
[BlackCountry "USA"]
[WhiteElo "1473"]
[WhiteRD "50"]
[BlackElo "1316"]
[BlackRD "62"]
[GameID "725569"]

1. e4 e5 2. g3 Bd6 3. Bg2 Ne7 4. d3 O-O 5. Ne2 Ng6 6. a3 c6 7. Be3 b6 8. Nd2 Bb7 9. c4 Be7 10. O-O Na6
11. b4 Nc7 12. f4 exf4 13. Bxf4 Nxf4 14. Nxf4 Bf6 15. Rb1 Bd4+ 16. Kh1 Ne6 17. Nxe6 dxe6 18. Nf3 e5 19. Qb3 Bc8 20. Nxd4 Qc7
21. Ne2 Be6 22. Qc3 f6 23. c5 b5 24. Ra1 Bg4 25. Qb3+ Kh8 26. Bf3 Bh3 27. Bg2 Bxg2+ 28. Kxg2 Qd7 29. Rad1 a6 30. d4 Qe7
31. Qc3 Rad8 32. d5 Rd7 33. d6 Qe6 34. h3 Qa2 35. Rd2 Qe6 36. Rf5 g6 37. Rf2 Rff7 38. Rd3 Kg7 39. Rdf3 h5 40. h4 g5
41. hxg5 fxg5 42. Rxf7+ Rxf7 43. Rxf7+ Qxf7 44. Qxe5+
1-0

[Event "Summer Season Tournament"]
[Site "SchemingMind.com"]
[Date "2022.07.30"]
[Round "-"]
[White "Mitch The Man"]
[Black "Phillip Beckett"]
[Result "1/2-1/2"]
[WhiteCountry "USA"]
[BlackCountry "ENG"]
[WhiteElo "1316"]
[WhiteRD "62"]
[BlackElo "1490"]
[BlackRD "55"]
[GameID "725602"]

1. d4 d5 2. c4 e6 3. c5 e5 4. e3 exd4 5. exd4 c6 6. Be2 Nf6 7. Bf3 Be7 8. Ne2 O-O 9. O-O Bg4 10. Bxg4 Nxg4
11. h3 Nf6 12. Ng3 Nbd7 13. Bf4 Re8 14. Nf5 g6 15. Nh6+ Kg7 16. Bg5 Ne4 17. Bxe7 Qxe7 18. Ng4 f5 19. Nh2 Qg5 20. Nf3 Qd8
21. Nc3 Nxc3 22. bxc3 Nf6 23. Ne5 Ne4 24. Rc1 Qh4 25. Nf3 Qf6 26. Ne5 a5 27. g3 Qg5 28. h4 Qd2 29. Qxd2 Nxd2 30. Rfd1 Nc4
31. Nxc4 dxc4 32. a4 Re2 33. Rb1 Rb8 34. Kf1 Ra2 35. Kg2 Rxa4 36. Rb2 Ra3 37. Rc1 a4 38. Re2 b5 39. Re7+ Kg8 40. Rc7 Rb3
41. Rxc6 b4 42. cxb4 R3xb4 43. Ra6 c3 44. d5 Rc4 45. c6 Rc5 46. Rxa4 Rc8 47. Ra3 Rxd5 48. Rcxc3 Rd6 49. c7 Rd7 50. Ra7 Kf7
51. Kf3 Ke6 52. Rc6+ Kf7 53. Rb7 Ke7 54. Rb8 Rcxc7 55. Rxc7 Rxc7 56. Rb3 Kf7 57. Kg2 Kf6= 58. Rb6+ Ke5 59. f4+ Ke4 60. Re6+ Kd3
61. Kf3 Kd4 62. Rd6+ Kc5 63. Re6 Kd5=
1/2-1/2

[Event "Summer Season Tournament"]
[Site "SchemingMind.com"]
[Date "2022.07.29"]
[Round "-"]
[White "Phillip Beckett"]
[Black "Mitch The Man"]
[Result "1-0"]
[WhiteCountry "ENG"]
[BlackCountry "USA"]
[WhiteElo "1490"]
[WhiteRD "55"]
[BlackElo "1316"]
[BlackRD "62"]
[GameID "725603"]

1. e4 e5 2. Nf3 Nc6 3. Bb5 Bd6 4. c3 Nge7 5. O-O O-O 6. Re1 a6 7. Ba4 b5 8. Bc2 Ng6 9. d3 Be7 10. Nbd2 Bf6
11. Nf1 d6 12. Ng3 Bg4 13. h3 Bxf3 14. Qxf3 Nce7 15. Nf5 Nxf5 16. Qxf5 Ne7 17. Qf3 c6 18. a4 Ng6 19. Qg3 Qd7 20. Bg5 Bxg5
21. Qxg5 h6 22. Qg4 Qxg4 23. hxg4 Nf4 24. g3 Nh3+ 25. Kg2 Ng5 26. f4 exf4 27. gxf4 Nh7 28. Kf3 f6 29. d4 bxa4 30. Bxa4 Rfc8
31. e5 fxe5 32. fxe5 Rf8+ 33. Kg3 Rac8 34. exd6 Rf7 35. Re7 Nf6 36. Rae1 Rxe7 37. dxe7 Ne8 38. Rf1 Nf6 39. Re1 Ne8 40. Rf1 Nf6
41. Rf5 Ne4+ 42. Kf4 Nf2 43. Bb3+
1-0

[Event "Summer Season Tournament"]
[Site "SchemingMind.com"]
[Date "2022.07.30"]
[Round "-"]
[White "Phillip Beckett"]
[Black "ray winteringham"]
[Result "1-0"]
[WhiteCountry "ENG"]
[BlackCountry "ENG"]
[WhiteElo "1490"]
[WhiteRD "55"]
[BlackElo "1473"]
[BlackRD "50"]
[GameID "725604"]

1. e4 e5 2. Nf3 d6 3. d4 exd4 4. Nxd4 c5 5. Nf3 Bd7 6. Bc4 h6 7. Nc3 Nc6 8. Be3 Nf6 9. O-O Qb6 10. Na4 Qc7
11. Nc3 Be7 12. Nb5 Qb8 13. c3 Nxe4 14. Bd5 Nf6 15. Re1 O-O 16. Qd2 Kh7 17. Rad1 Nxd5 18. Qxd5 Be6 19. Qe4+ Kh8 20. Bf4 Ne5
21. Nxe5 dxe5 22. Bxe5 Qc8 23. Nc7 Rb8 24. Nxe6 fxe6 25. Qg6 Bf6 26. Bxf6 Rxf6 27. Qd3 c4 28. Qd7 Qc5 29. Qd4 Qa5 30. a3 Qf5
31. f3 b6 32. Qe5 Qc2 33. Qxb8+ Kh7 34. Qe5 Qxb2 35. Rd7 Kg6 36. Qe4+
1-0

[Event "Summer Season Tournament"]
[Site "SchemingMind.com"]
[Date "2022.07.30"]
[Round "-"]
[White "ray winteringham"]
[Black "Phillip Beckett"]
[Result "0-1"]
[WhiteCountry "ENG"]
[BlackCountry "ENG"]
[WhiteElo "1473"]
[WhiteRD "50"]
[BlackElo "1490"]
[BlackRD "55"]
[GameID "725605"]

1. e4 e5 2. Nf3 Nc6 3. Bc4 Nf6 4. d3 Be7 5. Bd2 d6 6. Nc3 O-O 7. h3 h6 8. Qe2 Bd7 9. Bb3 Nd4 10. O-O-O Nxb3+
11. cxb3 a5 12. Kc2 Nh7 13. Rdg1 b5 14. a3 b4 15. Nd5 c6 16. Ne3 bxa3 17. bxa3 Ng5 18. Ra1 Nxf3 19. Qxf3 a4 20. b4 c5
21. Nd5 cxb4 22. Bxb4 Rc8+ 23. Kd2 Be6 24. Ne3 Qd7 25. Rac1 Rxc1 26. Rxc1 Rc8 27. Qd1 Rxc1 28. Qxc1 Qc8 29. Qd1 Bb3 30. Qc1 Qxc1+
31. Kxc1 Kf8 32. Kb2 Ke8 33. Nd5 Kd7 34. Nc3 d5 35. Bxe7 Kxe7 36. f3 d4 37. Ne2 Ke6 38. f4 f6 39. f5+ Kd6 40. Ng3 Ke7
41. Nh5 Kf7 42. g4 Bd1 43. Ng3 Bf3 44. Kc1 Bg2 45. h4 Bh3 46. g5 hxg5 47. hxg5 fxg5 48. Kd2 Kf6 49. Ne2 Bg4 50. Ng3 Bf3
51. Ke1 g4 52. Kf1 Bd1 53. Ke1 Bb3 54. Kd2= Kg5 55. Ke2 Bc2 56. Nf1 Kf4 57. Nd2 g3 58. Nf3 Bxd3+
0-1

[Event "Summer Season Tournament"]
[Site "SchemingMind.com"]
[Date "2022.08.01"]
[Round "-"]
[White "Mitch The Man"]
[Black "kenneth m day"]
[Result "0-1"]
[WhiteCountry "USA"]
[BlackCountry "USA"]
[WhiteElo "1316"]
[WhiteRD "62"]
[BlackElo "1628"]
[BlackRD "59"]
[GameID "725649"]

1. e4 e5 2. Bc4 Nf6 3. Bxf7+ Kxf7 4. Qf3 d6 5. Qd3 Be6 6. Ne2 Be7 7. O-O Nc6 8. c3 Rf8 9. b3 Kg8 10. Ng3 Qd7
11. Ba3 a6 12. b4 Na7 13. Nf5 Nb5 14. Nxe7+ Qxe7 15. Bb2 Rf7 16. Re1 Raf8 17. c4 Nd4 18. Bxd4 exd4 19. Qxd4 Ng4 20. Re2 Qh4
21. h3 Nxf2 22. Rxf2 Rxf2 23. Na3 Qg3
0-1

[Event "Summer Season Tournament"]
[Site "SchemingMind.com"]
[Date "2022.08.01"]
[Round "-"]
[White "kenneth m day"]
[Black "Mitch The Man"]
[Result "1-0"]
[WhiteCountry "USA"]
[BlackCountry "USA"]
[WhiteElo "1628"]
[WhiteRD "59"]
[BlackElo "1316"]
[BlackRD "62"]
[GameID "725650"]

1. e4 e5 2. Nf3 Nc6 3. c3 a6 4. d4 Bd6 5. Bc4 Nh6 6. Be3 O-O 7. Nbd2 Ng4 8. Qe2 Nxe3 9. Qxe3 Re8 10. O-O-O Qe7
11. Rhe1 Na5 12. Bd3 b6 13. dxe5 Bc5 14. Qe2 b5 15. Bc2 Bb7 16. Nd4 Bxd4 17. cxd4 Qe6 18. d5 Qh6 19. Kb1 Rxe5 20. Nf3 Ree8
21. Qd3 g6 22. Qc3 Nc4 23. b3 Nd6 24. Qxc7 g5 25. h3 Re7 26. e5 Rc8 27. Qxd6 Qxd6 28. exd6 Rxe1 29. Rxe1 h6 30. Be4 Kg7
31. Ne5 Rd8 32. Nd3 f6 33. Bf3 Kg8 34. Nc5 Bc8 35. Re7 f5 36. Bh5
1-0

[Event "Summer Season Tournament"]
[Site "SchemingMind.com"]
[Date "2022.08.01"]
[Round "-"]
[White "Phillip Beckett"]
[Black "kenneth m day"]
[Result "1/2-1/2"]
[WhiteCountry "ENG"]
[BlackCountry "USA"]
[WhiteElo "1530"]
[WhiteRD "57"]
[BlackElo "1608"]
[BlackRD "61"]
[GameID "725651"]

1. d4 Nf6 2. e3 d6 3. Bd3 g6 4. Nd2 Bg7 5. f4 O-O 6. Ngf3 Bg4 7. O-O Nbd7 8. Qe1 Re8 9. c3 Rc8 10. e4 e5
11. fxe5 dxe5 12. dxe5 Nxe5 13. Nxe5 Rxe5 14. Bc2 c6 15. Nc4 Rh5 16. Bf4 Be6 17. Ne5 Ng4 18. Nxg4 Bxg4 19. h3 Be6 20. Kh2 Rb5
21. Rd1 Qe7 22. b3 c5 23. Bd6 Qg5 24. Bf4 Qe7 25. c4 Rb6 26. Qg3 Bd7 27. e5 Re6 28. Bg5 Qe8 29. Bf6 Bxf6 30. exf6 Bc6
31. Qh4 Re2 32. Rf2 Qe5+ 33. Kg1 Rxf2 34. Qxf2 Re8 35. Rf1 h6 36. Bxg6 Qd4 37. Qxd4 cxd4 38. Bd3 Re3 39. Bf5 Re2 40. Rf2 Re3
41. Rf4 Re2 42. Rf2 Re1+ 43. Rf1 Re3 44. Kf2 Re5 45. Kg1 Re2=
1/2-1/2

[Event "Summer Season Tournament"]
[Site "SchemingMind.com"]
[Date "2022.08.01"]
[Round "-"]
[White "kenneth m day"]
[Black "Phillip Beckett"]
[Result "1-0"]
[WhiteCountry "USA"]
[BlackCountry "ENG"]
[WhiteElo "1568"]
[WhiteRD "64"]
[BlackElo "1518"]
[BlackRD "55"]
[GameID "725652"]

1. e4 e5 2. f4 Qh4+ 3. g3 Qe7 4. d3 exf4 5. Bxf4 d5 6. e5 f6 7. Qe2 fxe5 8. Bxe5 c6 9. Nc3 Nd7 10. Nf3 Nxe5
11. Nxe5 Nf6 12. O-O-O d4 13. Na4 Nd7 14. Re1 Nxe5 15. Qxe5 Qxe5 16. Rxe5+ Kf7 17. Bg2 Bd6 18. Rf1+ Kg6 19. Re4 Bf5 20. Rxd4 Rad8
21. Nc3 Bc5 22. Rxd8 Rxd8 23. Ne4 Bxe4 24. Bxe4+ Kh6 25. Rf7 Re8 26. Rxb7 Be3+ 27. Kd1 g6 28. Bxc6 Rf8 29. Ke2 Bb6 30. Be4 Rf2+
31. Ke1 Rxc2 32. h3 Rxb2 33. Bd5 Ba5+ 34. Kf1 Rxb7 35. Bxb7 Kg5 36. d4 Bb6 37. d5 Kf5 38. Ke2 Ke5 39. Kd3 Kd6 40. Ke4 h6
41. Bc6 Bf2 42. g4 Bh4 43. Be8 g5 44. Bf7 Be1 45. Kf5 Bb4 46. Kg6 Ke7 47. Be6 Bd2 48. Kxh6 Bf4 49. Kh5 Kf6 50. h4 gxh4
51. Kxh4 Bg5+ 52. Kg3 Ke5 53. Kf3 Be7 54. Ke3 a5 55. a4 Bg5+ 56. Kd3 Be7 57. Kc4 Bb4 58. g5 Bf8 59. g6 Kf6 60. Bf7 Bb4
61. Kb5 Ke7 62. Kc6 Ba3 63. Kb6 Bb4 64. Be6 Kf6 65. Bf7 Ke7 66. d6+ Bxd6 67. Kxa5 Be5 68. Kb5 Kd8 69. a5 Kc7 70. Bd5 Kb8
71. Kb6 Bd4+ 72. Kb5 Bg7 73. Ka6 Bd4 74. Kb5 Ka7 75. Bc6 Bf6 76. a6 Bd4 77. Bb7 Bg7 78. Kc6 Bd4 79. Kd6 Kb8 80. Ke6 Kc7
81. Kf7
1-0

[Event "Summer Season Tournament"]
[Site "SchemingMind.com"]
[Date "2022.08.01"]
[Round "-"]
[White "kenneth m day"]
[Black "ray winteringham"]
[Result "0-1"]
[WhiteCountry "USA"]
[BlackCountry "ENG"]
[WhiteElo "1628"]
[WhiteRD "59"]
[BlackElo "1473"]
[BlackRD "50"]
[GameID "725653"]

1. e4 e5 2. Nf3 Nc6 3. c3 Nf6 4. d4 Nxe4 5. d5 Ne7 6. Nxe5 Nf6 7. Bc4 d6 8. Qa4+ Nd7 9. Nf3 a6 10. Qc2 b5
11. Be2 g6 12. Bg5 Bg7 13. Nbd2 f6 14. Bh4 Nxd5 15. O-O Nf4 16. Rfe1 g5 17. Qe4+ Ne5 18. Qxa8 gxh4 19. Nxh4 O-O 20. Qe4 Bh6
21. Nf5 Nxg2 22. Qxg2+ Bg5 23. Qd5+ Kh8 24. Nd4 Bxd2 25. Red1 Bg5 26. Nc6 Qd7 27. Nxe5 Qg7 28. Nf3 Bd2+ 29. Kf1 Bh3#
0-1

[Event "Summer Season Tournament"]
[Site "SchemingMind.com"]
[Date "2022.08.01"]
[Round "-"]
[White "ray winteringham"]
[Black "kenneth m day"]
[Result "0-1"]
[WhiteCountry "ENG"]
[BlackCountry "USA"]
[WhiteElo "1473"]
[WhiteRD "50"]
[BlackElo "1628"]
[BlackRD "59"]
[GameID "725654"]

1. e4 e5 2. Nf3 d5 3. Nxe5 Bd6 4. Nxf7 Kxf7 5. Qh5+ g6 6. Qxd5+ Be6 7. Qxb7 Nd7 8. Qa6 Ne7 9. Qe2 Rf8 10. d3 Kg8
11. g3 c5 12. Bh6 Rf7 13. Bg2 Rb8 14. c4 Be5 15. Nc3 Nf6 16. Qc2 Ng4 17. Be3 Nxe3 18. fxe3 Qf8 19. b3 Bg4 20. h3 Bf3
21. Bxf3 Rxf3 22. Qe2 Bxc3+
0-1

[Event "Summer Season Tournament"]
[Site "SchemingMind.com"]
[Date "2022.08.04"]
[Round "-"]
[White "Mitch The Man"]
[Black "William Lindberg"]
[Result "0-1"]
[WhiteCountry "USA"]
[BlackCountry "USA"]
[WhiteElo "1316"]
[WhiteRD "62"]
[BlackElo "2414"]
[BlackRD "67"]
[GameID "725756"]

1. d4 Nf6 2. Nc3 d5 3. e3 h6 4. Be2 e6 5. Bf3 c5 6. dxc5 Bxc5 7. Nge2 Nc6 8. O-O O-O 9. Na4 Bd6 10. Bd2 Ne5
11. Nd4 Nxf3+ 12. Nxf3 e5 13. Ne1 Bg4 14. f3 Bd7 15. b3 b5 16. Nb2 Re8 17. b4 Qc7 18. a3 e4 19. c3 Bxh2+ 20. Kh1 Bg3
21. Nc2 Re5 22. Be1 Rh5+ 23. Kg1 Bxe1 24. Qxe1 Qh2+ 25. Kf2 exf3 26. Rg1 Ne4+
0-1

[Event "Summer Season Tournament"]
[Site "SchemingMind.com"]
[Date "2022.08.04"]
[Round "-"]
[White "William Lindberg"]
[Black "Mitch The Man"]
[Result "1-0"]
[WhiteCountry "USA"]
[BlackCountry "USA"]
[WhiteElo "2414"]
[WhiteRD "67"]
[BlackElo "1316"]
[BlackRD "62"]
[GameID "725757"]

1. c4 e5 2. Nc3 c6 3. Nf3 Bd6 4. d4 Nf6 5. dxe5 Be7 6. exf6 Bxf6 7. e4 O-O 8. e5 Be7 9. Bf4 Qe8 10. Be2 f6
11. exf6 Bxf6 12. Bd6 Be7 13. Ne4 Na6 14. O-O Bxd6 15. Nxd6 Qe7 16. Re1 Rf6 17. c5 Nxc5 18. Bc4+ Ne6 19. Qd3 Kh8 20. Ng5 b5
21. Qxh7#
1-0

[Event "Summer Season Tournament"]
[Site "SchemingMind.com"]
[Date "2022.08.04"]
[Round "-"]
[White "Phillip Beckett"]
[Black "William Lindberg"]
[Result "0-1"]
[WhiteCountry "ENG"]
[BlackCountry "USA"]
[WhiteElo "1490"]
[WhiteRD "55"]
[BlackElo "2414"]
[BlackRD "67"]
[GameID "725758"]

1. d4 Nc6 2. e3 e6 3. c3 d5 4. f4 Nf6 5. Nf3 Be7 6. Bd3 Ne4 7. Nbd2 f5 8. O-O O-O 9. Ne5 Nxe5 10. fxe5 Bd7
11. Nxe4 fxe4 12. Bd2 exd3 13. Rxf8+ Qxf8
0-1

[Event "Summer Season Tournament"]
[Site "SchemingMind.com"]
[Date "2022.08.04"]
[Round "-"]
[White "William Lindberg"]
[Black "Phillip Beckett"]
[Result "1-0"]
[WhiteCountry "USA"]
[BlackCountry "ENG"]
[WhiteElo "2414"]
[WhiteRD "67"]
[BlackElo "1490"]
[BlackRD "55"]
[GameID "725759"]

1. e4 e5 2. Nf3 Nc6 3. Bb5 a6 4. Ba4 Nf6 5. O-O b5 6. Bb3 Be7 7. d4 d6 8. dxe5 Nxe5 9. Nxe5 dxe5 10. Qxd8+ Bxd8
11. a4 Bb7 12. axb5 axb5 13. Rxa8 Bxa8 14. Nc3 O-O 15. f3 c6 16. Be3 Be7 17. Ra1 b4 18. Nb1 c5 19. Ra7 Bd6 20. Bxf7+ Rxf7
21. Rxa8+ Rf8 22. Ra6 Rd8 23. Kf2 Bf8 24. Nd2 Rc8 25. Nc4 Nd7 26. Ra7 Rd8 27. Bg5
1-0

[Event "Summer Season Tournament"]
[Site "SchemingMind.com"]
[Date "2022.08.04"]
[Round "-"]
[White "kenneth m day"]
[Black "William Lindberg"]
[Result "0-1"]
[WhiteCountry "USA"]
[BlackCountry "USA"]
[WhiteElo "1608"]
[WhiteRD "61"]
[BlackElo "2443"]
[BlackRD "68"]
[GameID "725760"]

1. e4 e5 2. Nf3 Nc6 3. c3 Nf6 4. d4 Nxe4 5. d5 Nb8 6. Nxe5 Bc5 7. Nd3 Bb6 8. Be2 O-O 9. O-O Re8 10. Nd2 Nxd2
11. Bxd2 d6 12. Re1 Bf5 13. Nf4 Nd7 14. Bf3 Rxe1+ 15. Qxe1 Ne5 16. Be4 Qg5 17. Ne6 Qg4 18. Nf4 Bxe4 19. Qxe4 g5 20. h3 Qh4
21. g3 Qxg3+ 22. Qg2 Bxf2+ 23. Kh1 gxf4 24. Bxf4 Qxg2+ 25. Kxg2 Nd3 26. Bh6 Bb6 27. b3 Re8
0-1

[Event "Summer Season Tournament"]
[Site "SchemingMind.com"]
[Date "2022.08.04"]
[Round "-"]
[White "William Lindberg"]
[Black "kenneth m day"]
[Result "1-0"]
[WhiteCountry "USA"]
[BlackCountry "USA"]
[WhiteElo "2443"]
[WhiteRD "68"]
[BlackElo "1608"]
[BlackRD "61"]
[GameID "725761"]

1. e4 e5 2. Nf3 d5 3. exd5 Bd6 4. d4 e4 5. Nfd2 Nf6 6. c4 O-O 7. Nc3 Re8 8. Be2 Bf5 9. Nf1 Nbd7 10. c5 Be7
11. Bf4 Rc8 12. Ne3 Bg6 13. O-O h6 14. Nb5 a6 15. Nxc7 Rxc7 16. d6 Rc6 17. dxe7 Rxe7 18. Rc1 Rc8 19. Qb3 b6 20. c6 Nb8
21. d5 b5 22. Rfd1 Nxc6 23. dxc6 Qb6 24. Rd6 Rd8 25. Rxf6 gxf6 26. c7 Rc8 27. Nd5 Qe6 28. Bg4 Bf5 29. Nxe7+ Qxe7 30. Bxf5
1-0

[Event "Summer Season Tournament"]
[Site "SchemingMind.com"]
[Date "2022.08.04"]
[Round "-"]
[White "ray winteringham"]
[Black "William Lindberg"]
[Result "0-1"]
[WhiteCountry "ENG"]
[BlackCountry "USA"]
[WhiteElo "1473"]
[WhiteRD "50"]
[BlackElo "2414"]
[BlackRD "67"]
[GameID "725762"]

1. e4 e5 2. Bc4 Nf6 3. Nc3 Bb4 4. a3 Ba5 5. b4 Bb6 6. Nf3 d6 7. d3 O-O 8. Qe2 h6 9. Be3 Re8 10. Bxb6 axb6
11. h3 Nc6 12. O-O Nd4 13. Nxd4 exd4 14. Nd5 Be6 15. Nxf6+ Qxf6 16. Bxe6 Qxe6 17. f3 d5 18. Qf2 c5 19. Rae1 dxe4 20. Rxe4 Qd7
21. Rxe8+ Qxe8 22. Re1 Qd8 23. Qd2 Rxa3 24. Rb1 Ra2 25. Qc1 Qe7 26. Kf1 cxb4 27. Rb2 Rxb2 28. Qxb2 Qc5 29. Ke2 g5 30. Qb3 Kg7
31. Qc4 Qxc4 32. dxc4 Kf6 33. Kd3 Ke5 34. g3 h5 35. f4+ gxf4 36. gxf4+ Kxf4 37. Kxd4 Kg3 38. Ke3 f5 39. h4 f4+ 40. Ke2 f3+
41. Kf1 f2
0-1

[Event "Summer Season Tournament"]
[Site "SchemingMind.com"]
[Date "2022.08.04"]
[Round "-"]
[White "William Lindberg"]
[Black "ray winteringham"]
[Result "1-0"]
[WhiteCountry "USA"]
[BlackCountry "ENG"]
[WhiteElo "2414"]
[WhiteRD "67"]
[BlackElo "1473"]
[BlackRD "50"]
[GameID "725763"]

1. c4 e5 2. Nc3 Nf6 3. Nf3 d6 4. d4 exd4 5. Nxd4 h6 6. e4 Be7 7. Be2 Nc6 8. Be3 Nxd4 9. Bxd4 c5 10. Be3 Bd7
11. O-O Qc7 12. a3 b6 13. Bd3 Be6 14. h3 Nd7 15. f4 f6 16. Nd5 Bxd5 17. exd5 O-O-O 18. a4 a5 19. Bd2 Kb7 20. Qe2 Rde8
21. Bg6 Qd8 22. Rae1 Qc7 23. Bxe8 Rxe8 24. Qh5 Qd8 25. Qg6 f5 26. Bc3 Rg8 27. Qf7 Bf6 28. Bxf6 gxf6 29. Re7 Kc8 30. Rxd7 Qxd7
31. Qxg8+ Kb7 32. Re1
1-0

[Event "Summer Season Tournament"]
[Site "SchemingMind.com"]
[Date "2022.08.04"]
[Round "-"]
[White "Mitch The Man"]
[Black "Robert Bruce"]
[Result "0-1"]
[WhiteCountry "USA"]
[BlackCountry "SCO"]
[WhiteElo "1316"]
[WhiteRD "62"]
[BlackElo "2336"]
[BlackRD "70"]
[GameID "725766"]

1. d4 f5 2. d5 Nf6 3. Nc3 e5 4. e3 Bb4 5. Bc4 Ne4 6. Ne2 Nxf2 7. Kxf2 Qh4+ 8. Kg1 Qxc4 9. b3 Qh4 10. Nb1 d6
11. c3 Bc5 12. b4 Bb6 13. Na3 O-O 14. Bd2 f4 15. g3 Qf6 16. Nc4 fxe3
0-1

[Event "Summer Season Tournament"]
[Site "SchemingMind.com"]
[Date "2022.08.04"]
[Round "-"]
[White "Robert Bruce"]
[Black "Mitch The Man"]
[Result "1-0"]
[WhiteCountry "SCO"]
[BlackCountry "USA"]
[WhiteElo "2336"]
[WhiteRD "70"]
[BlackElo "1316"]
[BlackRD "62"]
[GameID "725767"]

1. d4 e6 2. Nf3 d6 3. c4 Be7 4. Nc3 Bf6 5. e4 Nh6 6. Rg1 O-O 7. g4 Bh4 8. g5 Bxf2+ 9. Kxf2 Ng4+ 10. Rxg4 g6
11. e5 c6 12. exd6 Qxd6 13. Ne4 Qe7 14. Nf6+ Kg7 15. Rh4 Rh8 16. Bf4 Nd7 17. Qe1 h5 18. Be5 Nxe5 19. Qxe5
1-0

[Event "Summer Season Tournament"]
[Site "SchemingMind.com"]
[Date "2022.08.04"]
[Round "-"]
[White "Phillip Beckett"]
[Black "Robert Bruce"]
[Result "0-1"]
[WhiteCountry "ENG"]
[BlackCountry "SCO"]
[WhiteElo "1490"]
[WhiteRD "55"]
[BlackElo "2336"]
[BlackRD "70"]
[GameID "725768"]

1. d4 d5 2. e3 Nf6 3. Bd3 c5 4. c3 Nc6 5. f4 Bg4 6. Nf3 e6 7. O-O Bd6 8. Qe1 O-O 9. Ne5 Bf5 10. Bxf5 exf5
11. Nd2 Qc7 12. Ndf3 c4 13. Nxc6 Qxc6 14. Ne5 Qc7 15. Qg3 a5 16. Bd2 Ne4 17. Qe1 b5 18. Qe2 b4 19. cxb4 axb4 20. Be1 Ra7
21. Qh5 f6 22. Nf3 g6 23. Qh6 Rfa8 24. h3 Rxa2 25. Rxa2 Rxa2 26. Bf2 Rxb2 27. Bh4 c3
0-1

[Event "Summer Season Tournament"]
[Site "SchemingMind.com"]
[Date "2022.08.04"]
[Round "-"]
[White "Robert Bruce"]
[Black "Phillip Beckett"]
[Result "1-0"]
[WhiteCountry "SCO"]
[BlackCountry "ENG"]
[WhiteElo "2336"]
[WhiteRD "70"]
[BlackElo "1490"]
[BlackRD "55"]
[GameID "725769"]

1. c4 e5 2. g3 Nc6 3. Nc3 Nf6 4. Bg2 Bb4 5. Nd5 Nxd5 6. cxd5 Ne7 7. Nf3 c6 8. Nxe5 d6 9. dxc6 Nxc6 10. Nxc6 bxc6
11. Bxc6+
1-0

[Event "Summer Season Tournament"]
[Site "SchemingMind.com"]
[Date "2022.08.04"]
[Round "-"]
[White "kenneth m day"]
[Black "Robert Bruce"]
[Result "0-1"]
[WhiteCountry "USA"]
[BlackCountry "SCO"]
[WhiteElo "1608"]
[WhiteRD "61"]
[BlackElo "2317"]
[BlackRD "68"]
[GameID "725770"]

1. e4 e5 2. Nf3 d5 3. exd5 Bd6 4. d4 e4 5. Ne5 Nf6 6. Bb5+ c6 7. dxc6 bxc6 8. Bc4 O-O 9. O-O Nbd7 10. Nc3 Nxe5
11. dxe5 Bxe5 12. Re1 Qe7 13. Nxe4 Nxe4 14. Rxe4 Bxh2+ 15. Kxh2 Qxe4 16. Bd3 Qe5+ 17. f4 Qf6 18. Qh5 h6 19. Bd2 Rd8 20. Re1 Ba6
21. Qf3 Bxd3 22. cxd3 Qxb2 23. g4 Qxd2+ 24. Re2 Qc3
0-1

[Event "Summer Season Tournament"]
[Site "SchemingMind.com"]
[Date "2022.08.04"]
[Round "-"]
[White "Robert Bruce"]
[Black "kenneth m day"]
[Result "1-0"]
[WhiteCountry "SCO"]
[BlackCountry "USA"]
[WhiteElo "2317"]
[WhiteRD "68"]
[BlackElo "1608"]
[BlackRD "61"]
[GameID "725771"]

1. f4 Nf6 2. e3 d6 3. b3 g6 4. Bb2 Bg7 5. Nf3 O-O 6. Nc3 c5 7. Bd3 Nc6 8. O-O Bg4 9. h3 Bd7 10. a3 Re8
11. Qe1 e6 12. Nb5 Bc8 13. Qh4 a6 14. Nxd6 Qxd6 15. Bxf6 Ne7 16. Ng5 h6 17. Bxg7 Kxg7 18. Qxh6+ Kf6 19. Nh7#
1-0

[Event "Summer Season Tournament"]
[Site "SchemingMind.com"]
[Date "2022.08.04"]
[Round "-"]
[White "ray winteringham"]
[Black "Robert Bruce"]
[Result "0-1"]
[WhiteCountry "ENG"]
[BlackCountry "SCO"]
[WhiteElo "1473"]
[WhiteRD "50"]
[BlackElo "2336"]
[BlackRD "70"]
[GameID "725772"]

1. c4 e6 2. e4 c5 3. d4 cxd4 4. Qxd4 Nc6 5. Qd1 Nf6 6. Bd3 d5 7. cxd5 exd5 8. Qe2 Bb4+ 9. Bd2 O-O 10. Nf3 dxe4
11. Bxe4 Nxe4 12. O-O Nxd2 13. Nbxd2 Bf5 14. Qb5 Qc8 15. Rac1 a5 16. Ne5 Bxd2 17. Nxc6 bxc6 18. Rxc6 Qd7 19. Rd1 Be4 20. Rxd2 Qxd2
21. h3 Qe1+
0-1

[Event "Summer Season Tournament"]
[Site "SchemingMind.com"]
[Date "2022.08.05"]
[Round "-"]
[White "Robert Bruce"]
[Black "ray winteringham"]
[Result "1-0"]
[WhiteCountry "SCO"]
[BlackCountry "ENG"]
[WhiteElo "2336"]
[WhiteRD "70"]
[BlackElo "1473"]
[BlackRD "50"]
[GameID "725773"]

1. f4 d5 2. Nf3 e6 3. e3 Be7 4. b3 Nf6 5. Bb2 c6 6. c4 O-O 7. Be2 b6 8. O-O Bb7 9. Ne5 dxc4 10. bxc4 Nbd7
11. Bf3 Nxe5 12. fxe5 Nd7 13. d4 Rb8 14. Qe2 c5 15. Bxb7 Rxb7 16. d5 exd5 17. cxd5 Bg5 18. Nd2 Qe8 19. Ne4 Qd8 20. e6 fxe6
21. dxe6 Nf6 22. Nxg5 Qe7 23. Rad1 h6 24. Bxf6 Rxf6 25. Rxf6 gxf6 26. Nf7 Qxe6 27. Nd8
1-0

[Event "Summer Season Tournament"]
[Site "SchemingMind.com"]
[Date "2022.08.05"]
[Round "-"]
[White "Robert Bruce"]
[Black "William Lindberg"]
[Result "1-0"]
[WhiteCountry "SCO"]
[BlackCountry "USA"]
[WhiteElo "2336"]
[WhiteRD "70"]
[BlackElo "2414"]
[BlackRD "67"]
[GameID "725774"]

1. d4 d5 2. c4 e6 3. Nf3 Nf6 4. g3 Be7 5. Bg2 O-O 6. O-O dxc4 7. Qc2 a6 8. a4 Bd7 9. Qxc4 Bc6 10. Bf4 Bd6
11. Qc1 Nbd7 12. Nc3 b5 13. Re1 b4 14. Nb1 Bb7 15. Bxd6 cxd6 16. a5 Rc8 17. Qe3 Rc7 18. Nbd2 Qb8 19. Qd3 d5 20. Bf1 Rfc8
21. Red1 h6 22. e3 Ne4 23. Ne1 Qa8 24. Qb3 Bc6 25. f3 Rb7 26. fxe4 dxe4 27. Rdc1 Bd5 28. Qa4 Rxc1 29. Rxc1 Kh7 30. Qc2 b3
31. Qc8 Qxc8 32. Rxc8 Nf6 33. Nb1 Rd7 34. Nc3 Bb7 35. Rc5 Ng4 36. Ng2 Nf6 37. Bc4 Kg8 38. h3 Kf8 39. Nf4 Ke7 40. Bxb3 Kd8
41. Kh1 Rc7 42. Rxc7 Kxc7 43. Bc4 Ng8 44. d5 exd5 45. Bxd5 Ne7 46. b4 Nxd5 47. Ncxd5+ Bxd5 48. Nxd5+ Kc6 49. Nc3 f5 50. Kg2 Kd6
51. h4 g6 52. h5 g5 53. g4 f4 54. exf4 gxf4 55. Nxe4+ Kc6 56. g5 hxg5 57. Nxg5 Kb5 58. h6 Kxb4 59. h7 Kxa5 60. h8=Q
1-0